000 00242nam a2200097Ia 4500
005 20250424112846.0
008 250424s9999 xx 000 0 und d
300 _a82 p. :ill. ; 30 cm.
650 _aComputer security--Periodicals.
942 _cSR
999 _c37538
_d37538